MARC

LEADER 00000nam0a2200000 4500
001 298799
005 20231102001136.0
020 |a RU  |b 82-79796 
035 |a (RuTPU)RU\TPU\book\323948 
090 |a 298799 
100 |a 20150622d1982 k y0rusy5003 ca 
101 0 |a rus 
102 |a RU 
105 |a y z 000zy 
200 1 |a Военно-технический прогресс и Вооруженные Силы СССР. (Анализ развития вооружения, организации и способов действий)  |f М. М. Кирьян [и др.]  |g Институт военной истории 
210 |a Москва  |c Воениздат  |d 1982 
215 |a 335 с. 
300 |a Авт. указаны на обороте тит. л. 
606 1 |a Вооруженные силы  |x СССР  |x История  |2 stltpush  |3 (RuTPU)RU\TPU\subj\3696  |9 32074 
610 1 |a военно-технический прогресс 
610 1 |a венная техника 
610 1 |a СССР 
610 1 |a развитие 
610 1 |a анализ 
610 1 |a НТП 
610 1 |a военные действия 
610 1 |a техническая реконструкция 
610 1 |a Гражданская война 1918-1921 
610 1 |a Великая Отечественная война 1941-1945 
610 1 |a послевоенный период 
686 |a Ц4,6(2)1  |v LBC/SL-A  |2 rubbk 
701 1 |a Кирьян  |b М. М.  |g Михаил Митрофанович 
701 1 |a Бабаков  |b А. А. 
701 1 |a Баженов  |b А. Н. 
701 1 |a Бегишев  |b А. С. 
701 1 |a Глебов  |b И. С. 
712 0 2 |a Институт военной истории  |c (Москва)  |2 stltpush  |3 (RuTPU)RU\TPU\col\9003  |9 24644 
801 0 |a RU  |b RuMRKP  |c 19950704  |g psbo 
801 1 |a RU  |b 63413507  |c 20150622 
801 2 |a RU  |b 63413507  |c 20170728  |g RCR 
942 |c BK